000 00655nam a2200217Ia 4500
003 GCL
008 140319s9999 xx 000 0 ara d
040 _aGCL /
_cGCL
082 0 4 _a502
_bف ك
100 1 _aسيد رمضان هدارة (مترجم)
245 1 0 _aكنوز العلم فى اسئلة واجوبة /
_cسيد رمضان هدارة (مترجم)
700 1 _aفرجارا، وليم
700 1 _aمحمد صابر سليم
260 _a[S.N] :
_bدار النهضة العربية ،
_c1978
300 _a424 ص
490 _a
650 0 4 _aالعلم
650 0 4 _aالفيزياء
650 0 4 _aالعلوم
942 _2ddc
_cBK
999 _c34939
_d34939